[Event "Challenge"]
[Site "http://www.queenalice.com/game.php?id=261719"]
[Date "2007.8.26"]
[Round "-"]
[White "ioriyagame"]
[Black "terry52"]
[Result "1-0"]
[WhiteElo "1500"]
[BlackElo "1855"]

1. d4 f5 2. c4 Nf6 3. Nc3 g6 4. Nf3 Bg7 5. Bg5 d6 6. e3 O-O 7. Bd3 e5 8. Bb1
exd4 9. exd4 Nbd7 10. O-O b6 11. Nd5 Nxd5 12. Bxd8 1-0

[Event "Challenge"]
[Site "http://www.queenalice.com/game.php?id=261761"]
[Date "2007.8.26"]
[Round "-"]
[White "bobesponja"]
[Black "ioriyagame"]
[Result "0-1"]
[WhiteElo "1925"]
[BlackElo "2118"]

1. e4 e5 2. Nf3 Nc6 3. Bc4 Nf6 4. d3 Bc5 5. O-O d6 6. Bg5 h6 7. Bh4 g5 8. Bg3 h5
9. Nxg5 h4 10. Nxf7 hxg3 11. Nxd8 Bg4 12. Ne6 Bxd1 13. Nxc7+ Kd7 14. Nxa8 Be2
0-1

[Event "Challenge"]
[Site "http://www.queenalice.com/game.php?id=261762"]
[Date "2007.8.26"]
[Round "-"]
[White "ioriyagame"]
[Black "terry52"]
[Result "1-0"]
[WhiteElo "2084"]
[BlackElo "1855"]

1. e4 e5 2. Nf3 Nc6 3. Bc4 Bc5 4. c3 Nf6 5. d4 exd4 6. cxd4 Bb4+ 7. Nc3 Nxe4 8.
O-O Nxc3 9. bxc3 Bxc3 10. Qb3 Bxa1 11. Bxf7+ Kf8 12. Bg5 Ne7 13. Ne5 d6 14. Bh5
1-0

[Event "Challenge"]
[Site "http://www.queenalice.com/game.php?id=261764"]
[Date "2007.8.26"]
[Round "-"]
[White "ioriyagame"]
[Black "bobesponja"]
[Result "1-0"]
[WhiteElo "1878"]
[BlackElo "1925"]

1. d4 Nf6 2. Nc3 e6 3. e4 Bb4 4. Bd3 O-O 5. Nf3 d5 6. e5 Ne4 7. O-O Bxc3 8. bxc3
Nxc3 9. Bxh7+ Kxh7 10. Ng5+ Kg8 11. Qh5 1-0

[Event "AUTO-OPEN-805"]
[Site "http://www.queenalice.com/game.php?id=261876"]
[Date "2007.8.26"]
[Round "1"]
[White "dante72"]
[Black "ioriyagame"]
[Result "1-0"]
[WhiteElo "1915"]
[BlackElo "2153"]

1. d4 Nf6 2. Nc3 d5 3. e3 e6 4. a3 c5 5. f4 Nc6 6. Bb5 Bd7 7. Nf3 Bd6 8. O-O h6
9. Bd2 O-O 10. Be1 Nxd4 11. exd4 cxd4 12. Nxd4 Bc5 13. Bf2 Qb6 14. Bxd7 Nxd7 15.
b4 1-0

[Event "AUTO-OPEN-805"]
[Site "http://www.queenalice.com/game.php?id=261877"]
[Date "2007.8.26"]
[Round "1"]
[White "ioriyagame"]
[Black "dante72"]
[Result "1-0"]
[WhiteElo "2045"]
[BlackElo "1861"]

1. e4 e5 2. f4 d6 3. Nf3 f6 4. Bc4 Bg4 5. O-O Qe7 6. Nc3 c6 7. h3 Bh5 8. g4 Bf7
9. Bxf7+ Qxf7 10. fxe5 Qc4 11. d3 Qc5+ 12. Kg2 dxe5 13. Qe2 Nd7 14. Be3 Qb4 15.
Rab1 Ne7 16. a3 Qd6 17. d4 Ng6 18. d5 c5 19. Nb5 Qa6 20. Nc7+ Kd8 21. Nxa6 bxa6
22. Qxa6 Kc7 23. Qc6+ Kb8 24. Qxd7 Be7 25. d6 Bd8 26. Bxc5 Nf4+ 27. Kh2 h5 28.
g5 fxg5 29. Nxe5 Bf6 30. Qc7# 1-0

[Event "AUTO-OPEN-805"]
[Site "http://www.queenalice.com/game.php?id=261904"]
[Date "2007.8.26"]
[Round "1"]
[White "averroes02"]
[Black "ioriyagame"]
[Result "0-1"]
[WhiteElo "1464"]
[BlackElo "2064"]

1. d4 Nf6 2. c4 c5 3. d5 b5 4. Nf3 bxc4 5. Nc3 e6 6. e4 exd5 7. e5 d4 8. exf6
dxc3 9. Qe2+ Be7 10. fxe7 Qa5 11. Kd1 Nc6 0-1

[Event "AUTO-OPEN-805"]
[Site "http://www.queenalice.com/game.php?id=261905"]
[Date "2007.8.26"]
[Round "1"]
[White "ioriyagame"]
[Black "averroes02"]
[Result "1-0"]
[WhiteElo "2064"]
[BlackElo "1608"]

1. e4 e6 2. d4 d5 3. Nc3 Bb4 4. e5 c5 5. a3 Bxc3+ 6. bxc3 cxd4 7. cxd4 Nc6 8.
Qg4 g6 9. Nf3 h5 10. Qg3 Nh6 11. Bxh6 Rxh6 12. Qf4 1-0

[Event "AUTO-OPEN-805"]
[Site "http://www.queenalice.com/game.php?id=261922"]
[Date "2007.8.26"]
[Round "1"]
[White "trallala"]
[Black "ioriyagame"]
[Result "1-0"]
[WhiteElo "2105"]
[BlackElo "1926"]

1. c4 Nf6 2. Nc3 g6 3. e4 d6 4. Nf3 Bg7 5. d4 O-O 6. Be2 e5 7. dxe5 dxe5 8. Qxd8
Rxd8 9. Bg5 Re8 10. O-O c6 11. Rfd1 Nbd7 12. Rd6 h6 13. Be3 Bf8 14. Rdd1 1-0

[Event "AUTO-OPEN-805"]
[Site "http://www.queenalice.com/game.php?id=261923"]
[Date "2007.8.26"]
[Round "1"]
[White "ioriyagame"]
[Black "trallala"]
[Result "0-1"]
[WhiteElo "1952"]
[BlackElo "2086"]

1. e4 f6 2. d4 e6 3. f4 b6 4. Nc3 Bb4 5. Bd2 Bb7 6. Bd3 Nh6 7. Nf3 O-O 8. O-O f5
9. e5 c5 10. a3 Bxc3 11. bxc3 Na6 12. Rb1 Rc8 13. Ng5 Nf7 14. Qh5 Nh6 0-1

[Event "AUTO-MASTER-372"]
[Site "http://www.queenalice.com/game.php?id=262000"]
[Date "2007.8.26"]
[Round "1"]
[White "ioriyagame"]
[Black "gipmachado"]
[Result "0-1"]
[WhiteElo "2073"]
[BlackElo "2219"]

1. e4 e5 2. f4 exf4 3. Nf3 g5 4. Bc4 Qe7 5. Nc3 c6 6. d4 d5 7. Bd3 dxe4 8. Bxe4
f5 9. O-O fxe4 10. Nxe4 h6 11. Re1 Qg7 12. Nexg5+ Ne7 13. Ne4 Rg8 14. Qe2 Bh3
15. Nh4 Na6 16. Nd6+ Kd7 17. Nxb7 Qf6 18. Qf2 Nf5 19. Nc5+ Bxc5 20. dxc5 Qxh4
21. Rd1+ Kc8 0-1

[Event "AUTO-MASTER-372"]
[Site "http://www.queenalice.com/game.php?id=262001"]
[Date "2007.8.26"]
[Round "1"]
[White "gipmachado"]
[Black "ioriyagame"]
[Result "1-0"]
[WhiteElo "2327"]
[BlackElo "2064"]

1. e4 c5 2. f4 Nc6 3. Nc3 e6 4. Nf3 a6 5. d4 cxd4 6. Nxd4 Bb4 7. Nxc6 bxc6 8.
Qd4 Bxc3+ 9. Qxc3 Nf6 10. e5 Nd5 11. Qc5 Qe7 12. Qxe7+ Nxe7 13. Bd3 O-O 14. Be3
Nd5 15. Bc5 Re8 16. Rf1 Rb8 17. c4 Ne7 18. b4 Bb7 19. Rd1 h6 20. a4 Ra8 21. Bc2
Bc8 22. g4 Ng6 23. Bd6 Ra7 24. Ke2 a5 25. Bc5 Rb7 26. bxa5 Rb2 27. Kd3 Ba6 28.
Kc3 Reb8 29. Rxd7 Bxc4 30. Rf2 Bd5 31. a6 Ra2 32. a7 Ra8 33. Bxg6 fxg6 34. Rxa2
Bxa2 35. Rb7 1-0

[Event "AUTO-MASTER-372"]
[Site "http://www.queenalice.com/game.php?id=262002"]
[Date "2007.8.26"]
[Round "1"]
[White "ioriyagame"]
[Black "andrevillares"]
[Result "0-1"]
[WhiteElo "2054"]
[BlackElo "1979"]

1. e4 c6 2. Nc3 d5 3. Nf3 dxe4 4. Nxe4 Nd7 5. d4 Ngf6 6. Ng3 e5 7. dxe5 Nd5 8.
Bc4 N7b6 9. Bb3 Be6 10. O-O Be7 11. Nd4 Qd7 12. Ne4 a5 13. c4 Nb4 14. c5 Bxb3
15. axb3 Nc8 16. Nd6+ Bxd6 17. exd6 O-O 18. Bd2 Ra6 19. Re1 b6 20. Bxb4 bxc5 21.
Bxc5 Nxd6 22. b4 Rd8 23. bxa5 g6 24. b4 Nc4 25. Qd3 Qd5 0-1

[Event "AUTO-MASTER-372"]
[Site "http://www.queenalice.com/game.php?id=262003"]
[Date "2007.8.26"]
[Round "1"]
[White "andrevillares"]
[Black "ioriyagame"]
[Result "1-0"]
[WhiteElo "1998"]
[BlackElo "2023"]

1. d4 Nf6 2. c4 g6 3. Nc3 Bg7 4. e4 O-O 5. Nf3 d6 6. Be2 e5 7. O-O Nc6 8. d5 Ne7
9. Ne1 Nd7 10. Nd3 f5 11. f3 f4 12. b4 a5 13. Rb1 axb4 14. Rxb4 c5 15. Ra4 Rxa4
16. Qxa4 g5 17. Nb5 Nf6 18. Bd2 h5 19. Ba5 b6 20. Bc3 Bd7 21. Qa6 Bc8 22. Qa7
Ng6 23. Qb8 Ne8 24. Na7 Nf6 25. Nxc8 Qxc8 26. Qxd6 1-0

[Event "AUTO-MASTER-372"]
[Site "http://www.queenalice.com/game.php?id=262004"]
[Date "2007.8.26"]
[Round "1"]
[White "ioriyagame"]
[Black "trallala"]
[Result "0-1"]
[WhiteElo "1915"]
[BlackElo "2113"]

1. d4 f6 2. e4 c6 3. Bc4 e6 4. Nc3 Bb4 5. Nf3 Ne7 6. O-O Bxc3 7. bxc3 d5 8. Bd3
O-O 9. Ba3 Rf7 10. e5 Nd7 11. exf6 gxf6 12. Re1 Nf8 13. Nh4 Neg6 0-1

[Event "AUTO-MASTER-372"]
[Site "http://www.queenalice.com/game.php?id=262005"]
[Date "2007.8.26"]
[Round "1"]
[White "trallala"]
[Black "ioriyagame"]
[Result "1-0"]
[WhiteElo "2096"]
[BlackElo "1938"]

1. d4 Nf6 2. c4 g6 3. Nc3 Bg7 4. Nf3 O-O 5. g3 d5 6. cxd5 Nxd5 7. Bg2 Nc6 8. e4
Nf6 9. O-O Bg4 10. Be3 e6 11. h3 Bxf3 12. Bxf3 a6 13. e5 Nd5 14. Nxd5 1-0

[Event "AUTO-MASTER-380"]
[Site "http://www.queenalice.com/game.php?id=269218"]
[Date "2007.9.9"]
[Round "1"]
[White "Ribar"]
[Black "ioriyagame"]
[Result "1-0"]
[WhiteElo "2007"]
[BlackElo "1972"]

1. c4 Nf6 2. Nc3 g6 3. Nf3 Bg7 4. g3 O-O 5. Bg2 Nc6 6. O-O e5 7. d3 a6 8. Rb1 d6
9. b4 Be6 10. b5 axb5 11. Rxb5 Qc8 12. Ng5 Bd7 13. Rb1 h6 14. Nge4 Nxe4 15. dxe4
Nd4 16. e3 Nc6 17. Qb3 b6 18. Nd5 Qd8 19. f4 exf4 20. gxf4 Na5 21. Qc2 Be6 22.
Bd2 Nb7 23. Rf2 1-0

[Event "AUTO-MASTER-380"]
[Site "http://www.queenalice.com/game.php?id=269219"]
[Date "2007.9.9"]
[Round "1"]
[White "ioriyagame"]
[Black "Ribar"]
[Result "0-1"]
[WhiteElo "1996"]
[BlackElo "1991"]

1. e4 c5 2. Nf3 e6 3. d4 cxd4 4. Nxd4 a6 5. Be2 Qc7 6. O-O Nf6 7. Nc3 Bb4 8. Qd3
O-O 9. Kh1 Bxc3 10. bxc3 d5 11. f3 Nc6 12. Be3 Ne5 13. Qd2 dxe4 14. Bf4 exf3 15.
Nxf3 Nxf3 16. Bxf3 e5 17. Bg3 Bg4 18. Qe3 Bxf3 19. Rxf3 Rfe8 20. Re1 Nd7 21. Rf5
f6 22. Rh5 Rac8 0-1

[Event "AUTO-MASTER-380"]
[Site "http://www.queenalice.com/game.php?id=269232"]
[Date "2007.9.9"]
[Round "1"]
[White "Bernobr"]
[Black "ioriyagame"]
[Result "1-0"]
[WhiteElo "2032"]
[BlackElo "1906"]

1. e4 e5 2. Nc3 Nf6 3. g3 Bc5 4. Bg2 d6 5. Na4 Nbd7 6. Nxc5 Nxc5 7. d3 h6 8. Ne2
Bg4 9. h3 Be6 10. f4 g6 11. Be3 Ncd7 12. Qd2 c6 13. fxe5 1-0

[Event "AUTO-MASTER-380"]
[Site "http://www.queenalice.com/game.php?id=269233"]
[Date "2007.9.9"]
[Round "1"]
[White "ioriyagame"]
[Black "Bernobr"]
[Result "0-1"]
[WhiteElo "1894"]
[BlackElo "2043"]

1. e4 c5 2. Nf3 Nc6 3. d4 cxd4 4. Nxd4 Nf6 5. Nc3 e6 6. Bg5 Be7 7. Be2 O-O 8. f4
d6 9. Qd2 Bd7 10. O-O-O a6 11. Nb3 Ne8 12. Bxe7 Qxe7 13. g4 Rc8 0-1

[Event "AUTO-MASTER-380"]
[Site "http://www.queenalice.com/game.php?id=269240"]
[Date "2007.9.9"]
[Round "1"]
[White "edgar_elka"]
[Black "ioriyagame"]
[Result "1-0"]
[WhiteElo "2111"]
[BlackElo "1884"]

1. e4 c5 2. g3 Nc6 3. Bg2 d6 4. d3 Nf6 5. Nc3 g6 6. Nge2 Bg7 7. O-O O-O 8. Nd5
e6 9. Nxf6+ Qxf6 10. c3 Rd8 11. Nf4 1-0

[Event "AUTO-MASTER-380"]
[Site "http://www.queenalice.com/game.php?id=269241"]
[Date "2007.9.9"]
[Round "1"]
[White "ioriyagame"]
[Black "edgar_elka"]
[Result "0-1"]
[WhiteElo "1877"]
[BlackElo "2116"]

1. e4 e5 2. Nf3 Nc6 3. Bb5 d6 4. d4 exd4 5. Nxd4 Bd7 6. Nc3 Nf6 7. O-O a6 8.
Bxc6 bxc6 9. Re1 Be7 10. e5 dxe5 0-1